[Event "Esbjerg Efterår 2020"]
[Site "?"]
[Date "2020.10.16"]
[Round "1.8"]
[White "Ambirk, Jan"]
[Black "Hertel, Holger"]
[Result "0-1"]
[BlackElo "1963"]
[WhiteElo "1620"]
[LiveChessVersion "1.4.8"]

1. e4 {[%clk 0:20:04]} e5 {[%clk 0:20:09]} 2. Nc3 {[%clk 0:20:08]} Nc6
{[%clk 0:20:06]} 3. f4 {[%clk 0:19:55]} exf4 {[%clk 0:18:51]} 4. Nf3
{[%clk 0:19:53]} h6 {[%clk 0:18:41]} 5. d4 {[%clk 0:18:01]} g5 {[%clk 0:17:46]}
6. d5 {[%clk 0:17:24]} Nb4 {[%clk 0:14:54]} 7. a3 {[%clk 0:15:58]} Na6
{[%clk 0:14:56]} 8. Qd4 {[%clk 0:15:45]} Qf6 {[%clk 0:14:56]} 9. Bxa6
{[%clk 0:12:26]} Qxd4 {[%clk 0:13:40]} 10. Nxd4 {[%clk 0:12:29]} bxa6
{[%clk 0:13:43]} 11. h4 {[%clk 0:12:11]} f6 {[%clk 0:11:53]} 12. Nf5
{[%clk 0:08:24]} Ne7 {[%clk 0:10:14]} 13. hxg5 {[%clk 0:07:30]} Nxf5
{[%clk 0:09:23]} 14. exf5 {[%clk 0:07:33]} fxg5 {[%clk 0:09:06]} 15. g3
{[%clk 0:07:09]} fxg3 {[%clk 0:07:42]} 16. O-O {[%clk 0:06:29]} Bb7
{[%clk 0:05:47]} 17. Re1+ {[%clk 0:06:18]} Kf7 {[%clk 0:05:37]} 18. Be3
{[%clk 0:04:30]} Bg7 {[%clk 0:03:33]} 19. f6 {[%clk 0:02:43]} Bf8
{[%clk 0:03:16]} 20. Ne4 {[%clk 0:01:46]} Bxd5 {[%clk 0:02:45]} 21. Nxg3
{[%clk 0:01:50]} Bd6 {[%clk 0:02:23]} 22. Nf5 {[%clk 0:01:51]} Be5
{[%clk 0:01:52]} 23. Rad1 {[%clk 0:01:55]} Be6 {[%clk 0:01:53]} 24. Bxg5
{[%clk 0:01:38]} hxg5 {[%clk 0:01:50]} 25. Rxe5 {[%clk 0:01:42]} Kxf6 26. Rxe6+
{[%clk 0:01:33]} dxe6 {[%clk 0:01:54]} 27. Ne3 {[%clk 0:01:28]} Rad8
{[%clk 0:01:48]} 28. Rf1+ {[%clk 0:01:32]} Kg7 {[%clk 0:01:43]} 29. Ng4
{[%clk 0:01:35]} Rd2 {[%clk 0:01:42]} 30. Re1 {[%clk 0:01:00]} Rh4
{[%clk 0:01:26]} 31. Nf2 {[%clk 0:00:51]} Kf7 {[%clk 0:01:24]} 32. Ne4
{[%clk 0:00:52]} Rxe4 {[%clk 0:01:23]} 33. Rxe4 {[%clk 0:00:55]} Rxc2
{[%clk 0:01:26]} 34. Rb4 {[%clk 0:00:56]} Ke7 {[%clk 0:01:26]} 35. Rb7
{[%clk 0:01:00]} Kd6 {[%clk 0:01:30]} 36. Rxa7 {[%clk 0:01:03]} Rxb2
{[%clk 0:01:34]} 37. Rxa6+ {[%clk 0:01:07]} Kd5 {[%clk 0:01:34]} 38. Ra7
{[%clk 0:01:10]} c5 {[%clk 0:01:37]} 39. Rg7 {[%clk 0:01:14]} Ra2
{[%clk 0:01:35]} 40. Rxg5+ {[%clk 0:01:17]} e5 {[%clk 0:01:40]} 41. Rg3
{[%clk 0:01:20]} Kd4 {[%clk 0:01:43]} 42. Kf1 {[%clk 0:01:24]} e4
{[%clk 0:01:47]} 43. Ke1 {[%clk 0:01:27]} e3 {[%clk 0:01:49]} 44. Rg4+
{[%clk 0:01:31]} Kd3 {[%clk 0:01:52]} 45. Rg8 {[%clk 0:01:32]} Ra1#
{[%clk 0:01:50]} 46. Rh8 *